000 00267nam a22001097a 4500
082 _a001
_bJOS/T
100 _aJOSE M.A,JOICE P
245 _a1001 FAMOUS PERSONALITIES
260 _aKOTTAYAM
_bAVANTY PUBLICATIONS
650 _aFAMOUS PERSONALITIES
_zKOTTAYAM
942 _cBK
999 _c6414
_d6414